WWI/WWII Military Rifles Quiz - Statistics

General Stats
  • This quiz has been taken 330 times
    323 since last reset
  • The average score is 10 of 18
Answer Stats
Picture Answer % Correct
M1 Garand
97%
M1 Carbine
95%
StG 44
87%
Kar98k
86%
Lee-Enfield/SMLE
86%
Mosin-Nagant 91/30
83%
Springfield 1903
65%
Gewehr 43
53%
SVT-40
50%
Carcano 1891
45%
Lebel 1886
45%
MAS-36
36%
Gewehr 1898
28%
Steyr M95
27%
M1917/P14
25%
Schmidt–Rubin K31
22%
Berthier
18%
Gewehr 1888
16%
No matching quizzes found
Score Distribution
Percent of People with Each Score
Percentile by Number Answered
Your Score History
You have not taken this quiz since the last reset